|
|
|
|
| LEADER |
01021nam a2200253 a 4500 |
| 001 |
28600 |
| 003 |
BD-DhAAL |
| 005 |
20141124105742.0 |
| 008 |
141124t20011995enk b 000 1 eng |
| 020 |
|
|
|a 9781853262500
|
| 040 |
|
|
|a DLC
|c DLC
|d DLC
|d BD-DhAAL
|
| 050 |
0 |
0 |
|a PR6023.A93
|b R3 1993
|
| 082 |
0 |
0 |
|a 823/.912
|2 20
|
| 100 |
1 |
|
|a Lawrence, D. H.
|q (David Herbert),
|d 1885-1930.
|9 5800
|
| 245 |
1 |
4 |
|a The rainbow /
|c D.H. Lawrence; with introduction and notes by Lionel Kelly.
|
| 260 |
|
|
|a Ware :
|b Wordsworth classics,
|c 1995 [2001]
|
| 300 |
|
|
|a xxiii, 426 p. ;
|c 22 cm.
|
| 541 |
|
|
|e 28600
|
| 650 |
|
0 |
|a Families
|z England
|z Midlands
|v Fiction.
|9 6152
|
| 651 |
|
0 |
|a Midlands (England)
|v Fiction.
|9 6153
|
| 655 |
|
7 |
|a Domestic fiction.
|2 lcsh
|9 5618
|
| 942 |
|
|
|2 ddc
|c BK
|
| 999 |
|
|
|c 33110
|d 33110
|
| 952 |
|
|
|0 0
|1 0
|2 ddc
|4 0
|6 823_912000000000000_LAW
|7 0
|9 44191
|a BRACUL
|b BRACUL
|c GEN
|d 2014-11-24
|e BRAC Institute of Language (BIL)
|l 7
|m 54
|o 823.912 LAW
|p 3010028600
|r 2025-07-07
|s 2025-06-26
|t 1
|w 2014-11-24
|y BK
|x Transferred from BIL to BRACUL on 06/06/22
|